All of the Empires that have Occupied some of Current Day Russia - Statistics

General Stats
  • This quiz has been taken 76 times
  • The average score is 6 of 10
Answer Stats
Year Initial Answer % Correct
1206 M Mongol Empire
96%
1943 G Germany
82%
1868 J Japanese Empire
81%
1721 R Russian Empire
78%
1569 P Polish Lithuanian Commonwealth
75%
1922 S Soviet Union
57%
1919 E Estonia
53%
1918 R Romania
49%
882 AD K Kievan Rus
41%
1368 M Ming Dynasty
32%
No matching quizzes found
Score Distribution
Percent of People with Each Score
Percentile by Number Answered
Your Score History
You have not taken this quiz